Lexicologie (La)-Lectures (Record n. 66062)
[ formato base ]
| 000 -LEADER | |
|---|---|
| fixed length control field | 01451nam a2200301Ia 4500 |
| 001 - CONTROL NUMBER | |
| control field | 18408 |
| 003 - CONTROL NUMBER IDENTIFIER | |
| control field | IT-RoPAU |
| 008 - FIXED-LENGTH DATA ELEMENTS--GENERAL INFORMATION | |
| fixed length control field | 130308s9999 xx 000 0 und d |
| 040 ## - CATALOGING SOURCE | |
| Original cataloging agency | IT-RoPAU |
| 040 ## - CATALOGING SOURCE | |
| Transcribing agency | IT-RoPAU |
| 041 ## - LANGUAGE CODE | |
| Language code of text/sound track or separate title | FRANCESE |
| 999 ## - SYSTEM CONTROL NUMBERS (KOHA) | |
| Koha Dewey Subclass [OBSOLETE] | SI |
| 100 ## - MAIN ENTRY--PERSONAL NAME | |
| Personal name | Rey Alain |
| 100 ## - MAIN ENTRY--PERSONAL NAME | |
| Miscellaneous information | Codice Aut. SPICS: 2100 |
| 245 ## - TITLE STATEMENT | |
| Title | Lexicologie (La)-Lectures |
| 245 ## - TITLE STATEMENT | |
| Remainder of title | Lexicologie (La)-Lectures |
| 250 ## - EDITION STATEMENT | |
| Edition statement | 3a ed. |
| 260 ## - PUBLICATION, DISTRIBUTION, ETC. (IMPRINT) | |
| Place of publication, distribution, etc. | PARIS |
| 260 ## - PUBLICATION, DISTRIBUTION, ETC. (IMPRINT) | |
| Name of publisher, distributor, etc. | Klincksieck |
| 260 ## - PUBLICATION, DISTRIBUTION, ETC. (IMPRINT) | |
| Date of publication, distribution, etc. | 1980 [1° Ed.:1970 - Ed.Ling.Originale:1970] |
| 300 ## - PHYSICAL DESCRIPTION | |
| Extent | "330 p. (prefazione: no ; testo: 330)" |
| 500 ## - GENERAL NOTE | |
| General note | Lessicologia Segni del Linguaggio lessicologia Antica Analisi del Contenuto Tradizione Lessicografica Unità e Ordine Filosofia Classica e Lessico Storia e comparazione delle forme lessicali Lessico nella Lingua Unità e relazioni Funzioni e relazioni nel Lessico Arbitrarietà e motivazione dei Segni lessicali Unità Lessicale relazioni tra le Unità e strutture Lessicalilessico ed Esperienza Umana Problema del Tempo lessicologia Diacronica ed Etimologia Lessico e Cultura Lessico e gruppi Umani lessicologia e Linguistica Contemporanee lessicologia e Semantica Lessico e Teoria della Comunicazione Unità Lessicale nelle Grammatiche generative e Modelli lessicologia Applicata Lessicografia e Traduzione Pedagogia e Lessico |
| 650 ## - SUBJECT ADDED ENTRY--TOPICAL TERM | |
| Topical term or geographic name as entry element | SEMIOLOGIA |
| 650 ## - SUBJECT ADDED ENTRY--TOPICAL TERM | |
| Relator term | Codice materia Spics: 3251 |
| 942 ## - ADDED ENTRY ELEMENTS (KOHA) | |
| Koha item type | LIBRO |
| 957 ## - | |
| -- | 1 |
| 999 ## - SYSTEM CONTROL NUMBERS (KOHA) | |
| -- | 1 |
| Withdrawn status | Lost status | Damaged status | Not for loan | Home library | Current library | Date acquired | Total Checkouts | Full call number | Date last seen | Price effective from | Koha item type | Public note |
|---|---|---|---|---|---|---|---|---|---|---|---|---|
| Buone Condizioni | Not For Loan | SPICS-MEDIATECA | SPICS-MEDIATECA | 08/03/2013 | 18408 | 08/03/2013 | 08/03/2013 | LIBRO | Progressivo inserimento: 5382 / N. Volumi: 1 Copie: 1 Copia Rara: SI / data import: 1 marzo 2013 - By Epidotti, Trombetti, Vaglietti. |